Microbial biotechnology / (Record no. 26743)

MARC details
000 -LEADER
fixed length control field 00911naa a2200241 4500
005 - DATE AND TIME OF LATEST TRANSACTION
control field 20090523161136.0
008 - FIXED-LENGTH DATA ELEMENTS--GENERAL INFORMATION
fixed length control field 090523t xxu||||| |||| 00| 0 eng d
010 ## - LCCN (DPL NO)
LC control number ENG-93693
020 ## - INTERNATIONAL STANDARD BOOK NUMBER
International Standard Book Number 9788131305416
Terms of availability 2995.00
035 ## - SYSTEM CONTROL NUMBER
System control number EN-77226
037 ## - SOURCE OF ACQUISITION
Source of stock number/acquisition DBAD / PUB
040 ## - CATALOGING SOURCE
Original cataloging agency dpl
Language of cataloging English
082 ## - DEWEY DECIMAL CLASSIFICATION NUMBER
Classification number 660.62
245 ## - TITLE STATEMENT
Title Microbial biotechnology /
Statement of responsibility, etc edited by J.P. Tewari...[et al]
260 ## - PUBLICATION, DISTRIBUTION, ETC. (IMPRINT)
Place of publication, distribution, etc New Delhi
Name of publisher, distributor, etc APH Publishing
Date of publication, distribution, etc 2009
270 ## - ADDRESS
Address 4435/36-7, Ansari Road, Daryaganj
City New Delhi
Postal code 110 002
Telephone number 23274050
Electronic mail address aphbooks@vsnl.net
300 ## - PHYSICAL DESCRIPTION
Extent xlviii, 567p.
Dimensions 26cm(Hb)
500 ## - GENERAL NOTE
General note Includes index
650 ## - SUBJECT ADDED ENTRY--TOPICAL TERM
Topical term or geographic name as entry element Microbial biotechnology
700 ## - ADDED ENTRY--PERSONAL NAME
Personal name Tewari, J.P.
942 ## - ADDED ENTRY ELEMENTS (KOHA)
Institution code [OBSOLETE] dpl
Item type English Books
Source of classification or shelving scheme Dewey Decimal Classification
Call number suffix MIC
Classification part 660.62
Holdings
Withdrawn status Lost status Source of classification or shelving scheme Damaged status Not for loan Collection code Home library Current library Date acquired Source of acquisition Cost, normal purchase price Total Checkouts Full call number Barcode Date last seen Copy number Cost, replacement price Koha item type
    Dewey Decimal Classification   Not For Loan Non-fiction D.B.Act.Division D.B.Act.Division 23/05/2009 DBAD / PUB 2995.00   660.62 MIC EN-77226 23/05/2009 1 2995.00 English Books

© Delhi Public Library
Hit Counter
free hit counter